Statistics for Brazilian Bands

Click here to take the quiz!

General Stats

  • This quiz has been taken 137 times
  • The average score is 11 of 17

Answer Stats

Band Members Rock Band % Correct
Dinho Ouro PretoCapital Inicial
83%
ChorãoCharlie Brown Jr.
82%
Renato RussoLegião Urbana
82%
Samuel RosaSkank
81%
Herbert ViannaParalamas do Sucesso
78%
CazuzaBarão Vermelho
74%
Nando Reis, Sérgio Britto, Paulo MilkosTitãs
72%
Rogério Flausino, Marco TúlioJota Quest
71%
Rita LeeOs Mutantes
66%
Fernanda TakaiPato Fu
66%
Humberto GessingerEngenheiros do Hawaii
65%
Paula TollerKid Abelha
65%
Marcelo Camelo, Rodrigo AmaranteLos Hermanos
65%
Dinho, Bento Hinoto, Júlio RasecMamonas Assassinas
57%
Roger MoreiraUltraje a Rigor
57%
Ney MatogrossoSecos & Molhados
45%
Serginho Herval, Paulinho, KikoRoupa Nova
28%

Score Distribution

Percentile by Number Answered

Percent of People with Each Score

Your Score History

You have not taken this quiz